Elementos de historia general y de historia patria/ (Record no. 89603)

MARC details
000 -LEADER
campo de control de longitud fija 01329nam a2200421 i 4500
001 - NÚMERO DE CONTROL
campo de control MOR01000089923
003 - IDENTIFICADOR DE NÚMERO DE CONTROL
campo de control mxdfmo
005 - FECHA Y HORA DE LA ÚLTIMA TRANSACCIÓN
campo de control 20260331145438.0
007 - CAMPO FIJO DE DESCRIPCIÓN FÍSICA--INFORMACIÓN GENERAL
campo de control de longitud fija ta
008 - DATOS DE LONGITUD FIJA--INFORMACIÓN GENERAL
campo de control de longitud fija 090116s1929 dfma g i 000 0dspa d
035 ## - NÚMERO DE CONTROL DEL SISTEMA
Número de control de sistema 090020
040 ## - FUENTE DE CATALOGACIÓN
Centro catalogador/agencia de origen mxcmmo
Lengua de catalogación spa
Normas de descripción rda
Centro/agencia transcriptor mxcmmo
041 0# - CÓDIGO DE IDIOMA
Código de lengua del texto/banda sonora o título independiente spa
043 ## - CÓDIGO DE ÁREA GEOGRÁFICA
Código de área geográfica n-mx---
082 04 - NÚMERO DE LA CLASIFICACIÓN DECIMAL DEWEY
Número de clasificación 930
Número de ítem CAD.e
100 1# - ENTRADA PRINCIPAL--NOMBRE DE PERSONA
Nombre de persona Cadena, Longinos
Término indicativo de función/relación autor
9 (RLIN) 154194
245 10 - MENCIÓN DEL TÍTULO
Título Elementos de historia general y de historia patria/
Mención de responsabilidad, etc. Longinos Cadena
250 ## - MENCION DE EDICION
Mención de edición 10a ed.
264 #1 - PRODUCCIÓN, PUBLICACIÓN, DISTRIBUCIÓN, FABRICACIÓN Y COPYRIGHT
Producción, publicación, distribución, fabricación y copyright México :
Nombre del de productor, editor, distribuidor, fabricante Herrero Hermanos,
Fecha de producción, publicación, distribución, fabricación o copyright 1929.
300 ## - DESCRIPCIÓN FÍSICA
Extensión 189 páginas:
Otras características físicas ilustraciones;
Dimensiones 19 cm
336 ## - TIPO DE CONTENIDO
Término de tipo de contenido texto
Código de tipo de contenido txt
Fuente rdacontent
337 ## - TIPO DE MEDIO
Nombre/término del tipo de medio sin medio
Código del tipo de medio n
Fuente rdamedia
338 ## - TIPO DE SOPORTE
Nombre/término del tipo de soporte volumen
Código del tipo de soporte nc
Fuente rdacarrier
650 #7 - PUNTO DE ACCESO ADICIONAL DE MATERIA--TÉRMINO DE MATERIA
Término de materia o nombre geográfico como elemento de entrada Historia antigua
9 (RLIN) 8503
651 #7 - PUNTO DE ACCESO ADICIONAL DE MATERIA--NOMBRE GEOGRÁFICO
Nombre geográfico México
Subdivisión general Historia
9 (RLIN) 1276
900 ## - ELEMENTOS DE DATOS A LOCAL, LDA (RLIN)
Nombre de persona BATCH-UPD
Numeración 00
Títulos y otros términos asociados al nombre 20120323
Lenguaje de la obra MOR01
-- 1753
900 ## - ELEMENTOS DE DATOS A LOCAL, LDA (RLIN)
Nombre de persona BATCH-UPD
Numeración 40
Títulos y otros términos asociados al nombre 20120321
Lenguaje de la obra MOR01
-- 1719
900 ## - ELEMENTOS DE DATOS A LOCAL, LDA (RLIN)
Nombre de persona BATCH
Numeración 00
Títulos y otros términos asociados al nombre 20120322
Lenguaje de la obra MOR01
-- 1741
900 ## - ELEMENTOS DE DATOS A LOCAL, LDA (RLIN)
Nombre de persona CAT
Numeración 30
Títulos y otros términos asociados al nombre 20090119
Lenguaje de la obra MOR01
-- 1126
900 ## - ELEMENTOS DE DATOS A LOCAL, LDA (RLIN)
Nombre de persona KLASY
Numeración 30
Títulos y otros términos asociados al nombre 20090122
Lenguaje de la obra MOR01
-- 1543
900 ## - ELEMENTOS DE DATOS A LOCAL, LDA (RLIN)
Nombre de persona MARC21
Numeración 40
Títulos y otros términos asociados al nombre 20130813
Lenguaje de la obra MOR01
-- 1150
900 ## - ELEMENTOS DE DATOS A LOCAL, LDA (RLIN)
Nombre de persona MARC21
Numeración 40
Títulos y otros términos asociados al nombre 20130813
Lenguaje de la obra MOR01
-- 1151
900 ## - ELEMENTOS DE DATOS A LOCAL, LDA (RLIN)
Nombre de persona MARY
Numeración 05
Títulos y otros términos asociados al nombre 20090113
Lenguaje de la obra MOR01
-- 1343
900 ## - ELEMENTOS DE DATOS A LOCAL, LDA (RLIN)
Nombre de persona MARY
Numeración 05
Títulos y otros términos asociados al nombre 20090113
Lenguaje de la obra MOR01
-- 1343
900 ## - ELEMENTOS DE DATOS A LOCAL, LDA (RLIN)
Nombre de persona VOBO
Numeración 40
Títulos y otros términos asociados al nombre 20090210
Lenguaje de la obra MOR01
-- 1208
904 ## - ELEMENTOS DE DATOS D LOCAL, LDD (RLIN)
a UPDATE
942 ## - ELEMENTOS DE ENTRADA SECUNDARIOS (KOHA)
Código de la institución [OBSOLETO] BK
901 ## - ELEMENTOS DE DATOS A LOCAL LDA (RLIN)
a batch batch
Holdings
Estatus retirado Estado de pérdida Fuente del sistema de clasificación o colocación Estado de daño Restricciones de uso No para préstamo Colección Biblioteca de origen Biblioteca actual Ubicación en estantería Fecha de adquisición Fuente de adquisición Número de inventario Total de préstamos Signatura topográfica completa Código de barras Visto por última vez Precio de reemplazo Tipo de ítem Koha
    Clasificación Decimal Dewey   En sala   Libros (General) Biblioteca Instituto Mora Biblioteca Instituto Mora Regular 19/01/2009   115916   (G)/930 CAD.e 33068001207404 03/09/2024 03/09/2024 Libro préstamo regular